Normal view
MARC view
Entry Topical Term
001 - CONTROL NUMBER
- control field: 78713
003 - CONTROL NUMBER IDENTIFIER
- control field: OSt
005 - DATE AND TIME OF LATEST TRANSACTION
- control field: 20200617123226.0
008 - FIXED-LENGTH DATA ELEMENTS
- fixed length control field: 200617|| aca||aabn | a|a d
040 ## - CATALOGING SOURCE
- Original cataloging agency: OSt
- Transcribing agency: OSt
150 ## - HEADING--TOPICAL TERM
- Topical term or geographic name entry element: जन्तु विज्ञान
670 ## - SOURCE DATA FOUND
- Source citation: Work cat.: (OSt): त्रिवेदी,डाॅ. शिखा 78712, जन्तु विज्ञान शब्द- कोश , 2019









